000 00438nam a2200181Ia 4500
005 20230705094200.0
008 131103s9999 xx 000 0 und d
040 _aLoreto College
041 _aEnglish
082 _aF
_bEBE
100 _aEberhart,M.G.
245 _aWomen on the roof
_cM.G.Eberhart
260 _aLondon
_bThe Crime Club
_c1967
300 _a192 p.
650 _aFiction in English
850 _aLCLIB
942 _cBK
999 _c16665
_d67144